[Event "Superettan(Schack 08-Rockaden,Sthlm II)"]
[Site "?"]
[Date "2015.03.20"]
[Round "7"]
[White "Hedman, Erik"]
[Black "Laveryd, Peter"]
[Result "1/2-1/2"]
[WhiteElo "2375"]
[BlackElo "2395"]
[PlyCount "53"]

1. d4 Nc6 2. d5 Ne5 3. e4 e6 4. Nc3 exd5 5. f4 Ng6 6. Qxd5 c6 7. Qd4 Qb6 8. Nf3
Qxd4 9. Nxd4 d6 10. g3 Nf6 11. Bg2 Bd7 12. Be3 Be7 13. O-O-O Bd8 14. Nf5 Bxf5
15. exf5 Ne7 16. Rxd6 Nxf5 17. Rd3 Nxe3 18. Rxe3+ Kf8 19. Rhe1 Bb6 20. Re7 Re8
21. Rxe8+ Nxe8 22. Ne4 g6 23. Rd1 Ke7 24. Re1 Kf8 25. Rd1 Ke7 26. Re1 Kf8 27.
Rd1 1/2-1/2

[Event "Superettan(Schack 08-Rockaden,Sthlm II)"]
[Site "?"]
[Date "2015.03.20"]
[Round "7"]
[White "Ingbrant, Johan"]
[Black "Engqvist, Thomas"]
[Result "1-0"]
[WhiteElo "2353"]
[BlackElo "2362"]
[PlyCount "61"]
[EventDate "2015.??.??"]

1. b3 b6 2. e4 Bb7 3. Nc3 c5 4. Bb2 a6 5. g3 Nf6 6. Bg2 e6 7. Nge2 Qc7 8. O-O
d6 9. d4 cxd4 10. Nxd4 Nbd7 11. Re1 O-O-O 12. a4 h5 13. Qe2 h4 14. Ncb5 axb5
15. Nxb5 Qc5 16. a5 hxg3 17. hxg3 Rh5 18. c4 Qg5 19. axb6 Nxb6 20. Bd4 Nfd7 21.
Ra7 Qh6 22. Qa2 Rxb5 23. cxb5 Qg5 24. Rxb7 Kxb7 25. Qa6+ Kc7 26. Qa7+ Kc8 27.
e5 d5 28. Bxb6 Nxb6 29. Qxb6 Kd7 30. Qc6+ Ke7 31. b6 1-0

[Event "Superettan(Schack 08-Rockaden,Sthlm II)"]
[Site "?"]
[Date "2015.03.20"]
[Round "7"]
[White "Nikolic, Vladan"]
[Black "Schutz, Ingemar"]
[Result "0-1"]
[WhiteElo "2046"]
[BlackElo "2191"]
[PlyCount "108"]

1. Nf3 Nf6 2. c4 g6 3. Nc3 Bg7 4. e4 d6 5. d4 O-O 6. Be2 e5 7. d5 a5 8. Bg5 h6
9. Bh4 Na6 10. Nd2 Qe8 11. f3 Nh5 12. O-O Nf4 13. Re1 Nxe2+ 14. Qxe2 Bd7 15. b3
f5 16. a3 Bf6 17. Bf2 Qe7 18. Reb1 c5 19. dxc6 bxc6 20. b4 Nc7 21. b5 Ne6 22.
bxc6 Bxc6 23. Nd5 Bxd5 24. cxd5 Nf4 25. Qf1 Bg5 26. Ra2 Rac8 27. g3 Nh5 28. Qd3
Nf6 29. exf5 gxf5 30. Qxf5 Nxd5 31. Qg6+ Kh8 32. Ne4 Nc3 33. Nxc3 Rxc3 34. f4
Bxf4 35. Rab2 Rc1+ 36. Kg2 Rxb1 37. Qxb1 Qg5 38. Rb7 Rf5 39. Rb8+ Kg7 40. Qb7+
Rf7 41. Qc8 Kf6 42. Qh8+ Qg7 43. Qd8+ Ke6 44. Qb6 Bg5 45. Qb3+ Kf5 46. Qd3+ Ke6
47. Bc5 Rd7 48. Qb3+ Ke7 49. Rg8 Qf7 50. Bxd6+ Kxd6 51. Qb6+ Ke7 52. Qc5+ Ke6
53. Rf8 Rd2+ 54. Kh1 Qb7+ 0-1

[Event "Superettan(Schack 08-Rockaden,Sthlm II)"]
[Site "?"]
[Date "2015.03.20"]
[Round "7"]
[White "Renman, Nils-Gustaf"]
[Black "Bryntze, Stefan"]
[Result "1-0"]
[WhiteElo "2330"]
[BlackElo "2195"]
[PlyCount "69"]

1. d4 e6 2. c4 f5 3. g3 Nf6 4. Bg2 Bb4+ 5. Bd2 Qe7 6. a3 Bxd2+ 7. Qxd2 O-O 8.
Nc3 d6 9. Nf3 c6 10. O-O e5 11. dxe5 dxe5 12. e4 f4 13. gxf4 exf4 14. e5 Ng4
15. Rfe1 Be6 16. b3 Na6 17. Qd6 Rfe8 18. Rad1 Qf7 19. Ne4 Qh5 20. Qd2 Rf8 21.
Nd6 Nc5 22. Qc3 b6 23. b4 Nd7 24. Rd3 a5 25. h3 Nh6 26. Nd4 axb4 27. axb4 Bf5
28. N4xf5 Nxf5 29. Bxc6 Nh4 30. Kh1 Ra7 31. e6 Nf6 32. e7 Rb8 33. Nc8 Nf3 34.
Rd8+ Kf7 35. e8=Q+ 1-0

[Event "Superettan(Schack 08-Rockaden,Sthlm II)"]
[Site "?"]
[Date "2015.03.20"]
[Round "7"]
[White "Bit-Narva, David"]
[Black "Ottenklev, Niclas"]
[Result "1/2-1/2"]
[WhiteElo "2117"]
[BlackElo "2186"]
[PlyCount "70"]
[SourceDate "2015.03.28"]

1. e4 e6 2. Nf3 d5 3. e5 c5 4. c3 Nc6 5. Na3 f6 6. d4 cxd4 7. cxd4 Bxa3 8. bxa3
Qa5+ 9. Qd2 Qxd2+ 10. Bxd2 Nge7 11. Bd3 Kf7 12. O-O Bd7 13. Rab1 b6 14. Rfe1 h6
15. Bb5 fxe5 16. dxe5 Rac8 17. Bb4 g5 18. h3 Ng6 19. Bd6 Rhg8 20. Ba6 Rcd8 21.
Rbc1 Nge7 22. Bb5 Nb8 23. Bxb8 Bxb5 24. Bxa7 Nc8 25. Bb8 Rd7 26. Rc7 Rxc7 27.
Bxc7 g4 28. Nd4 Bc4 29. h4 g3 30. f3 Re8 31. Nc6 Bxa2 32. Ra1 Bc4 33. a4 Kg6
34. Rb1 Kf5 35. Re1 Kf4 1/2-1/2

[Event "Superettan(Schack 08-Rockaden,Sthlm II)"]
[Site "?"]
[Date "2015.03.20"]
[Round "7"]
[White "Faldt, Magnus"]
[Black "Heden, Gustav"]
[Result "1-0"]
[WhiteElo "2192"]
[BlackElo "2038"]
[PlyCount "51"]

1. d4 Nf6 2. c4 g6 3. Nc3 Bg7 4. e4 d6 5. Nf3 O-O 6. h3 Nc6 7. Bg5 h6 8. Be3 e5
9. d5 Ne7 10. Be2 Ne8 11. Qd2 Kh7 12. h4 Bg4 13. Ng5+ hxg5 14. hxg5+ Bh5 15. g4
Kg8 16. gxh5 gxh5 17. Rxh5 f5 18. exf5 Nxf5 19. Bg4 Bh8 20. Ne4 Neg7 21. Rh2
Nxe3 22. Qxe3 Rf4 23. O-O-O Rxe4 24. Qxe4 Qxg5+ 25. Kb1 Kf7 26. Rdh1 1-0

[Event "Superettan(Schack 08-Rockaden,Sthlm II)"]
[Site "?"]
[Date "2015.03.20"]
[Round "7"]
[White "Backman, Michael"]
[Black "Arvidsson, Tomas"]
[Result "1-0"]
[WhiteElo "2016"]
[BlackElo "1979"]
[PlyCount "103"]

1. d4 Nf6 2. c4 g6 3. Nc3 Bg7 4. e4 d6 5. f3 O-O 6. Be3 Nc6 7. Nge2 a6 8. Qd2
Rb8 9. Rb1 e5 10. dxe5 Nxe5 11. Nd4 c6 12. Be2 d5 13. exd5 cxd5 14. c5 Nc4 15.
Bxc4 dxc4 16. O-O Nd5 17. Bf2 Nb4 18. Ne4 Nd3 19. Nd6 Nxf2 20. Rxf2 Qf6 21. Rd1
Qe5 22. b4 cxb3 23. Nxb3 Be6 24. f4 Qh5 25. f5 Bh6 26. Qd3 Bxb3 27. axb3 Be3
28. Qxe3 Qxd1+ 29. Rf1 Qh5 30. Qd4 f6 31. Ne4 gxf5 32. Nxf6+ Rxf6 33. Qxf6 Rf8
34. Qd4 Qf7 35. Rf3 f4 36. g3 Qg6 37. Qd5+ Kh8 38. Kg2 Qg7 39. Qd6 Qb2+ 40. Kh3
Rf6 41. Qb8+ Kg7 42. Qxb7+ Kg8 43. Qd5+ Kg7 44. Rxf4 Rh6+ 45. Rh4 Rxh4+ 46.
gxh4 Qc3+ 47. Kg4 Qb4+ 48. Kg5 Qe1 49. Qd7+ Kg8 50. Qd8+ Kg7 51. Qf6+ Kg8 52.
Kh6 1-0

[Event "Superettan(Schack 08-Rockaden,Sthlm II)"]
[Site "?"]
[Date "2015.03.20"]
[Round "7"]
[White "Andersson, Bo"]
[Black "Darnell, Anton"]
[Result "0-1"]
[WhiteElo "2001"]
[BlackElo "1806"]
[PlyCount "80"]
[EventDate "2015.??.??"]

1. d4 Nf6 2. g3 e6 3. Bg2 d5 4. Nf3 Be7 5. c4 O-O 6. O-O dxc4 7. Nbd2 c3 8.
bxc3 c5 9. Bb2 Nc6 10. e3 Qc7 11. c4 Rd8 12. Qe2 b6 13. Rfd1 Bb7 14. Rab1 Rac8
15. Nb3 cxd4 16. exd4 Ba6 17. Rbc1 Nb4 18. a3 Bxc4 19. Rxc4 Qxc4 20. Qxc4 Rxc4
21. axb4 Bxb4 22. Ne5 Rc2 23. Rb1 Nd5 24. Be4 Rc7 25. Ra1 a5 26. Bd3 Bc3 27.
Bxc3 Rxc3 28. Nc1 f6 29. Ne2 fxe5 30. Nxc3 Nxc3 31. Bc4 exd4 32. Bxe6+ Kf8 33.
Ra3 a4 34. Bf5 b5 35. Kf1 b4 36. Ra1 b3 37. Bd3 b2 38. Ra3 b1=Q+ 39. Bxb1 Nxb1
40. Rxa4 d3 0-1

[Event "Superettan(Manhem-Upsala)"]
[Site "?"]
[Date "2015.03.20"]
[Round "7"]
[White "Johansson, Jan"]
[Black "Welin, Mats"]
[Result "1/2-1/2"]
[WhiteElo "2378"]
[BlackElo "2324"]
[PlyCount "79"]

1. d4 Nf6 2. Bg5 d5 3. Bxf6 gxf6 4. e3 c5 5. c4 cxd4 6. Qxd4 Nc6 7. Qxd5 Qxd5
8. cxd5 Nb4 9. Na3 Bd7 10. Bc4 Rg8 11. Ne2 Rxg2 12. Nf4 Rg5 13. Rc1 Bh6 14. Ke2
Re5 15. Rhg1 Kf8 16. Nd3 Nxd3 17. Bxd3 Rxd5 18. Bxh7 Rg5 19. Rxg5 fxg5 20. Be4
Bg7 21. b3 Be5 22. Rg1 g4 23. Nc4 Bc7 24. f4 gxf3+ 25. Bxf3 Rb8 26. h4 b5 27.
Nd2 Be5 28. Be4 Rb6 29. Nf3 Bf6 30. Ng5 Bxg5 31. Rxg5 Ra6 32. Bh7 Rxa2+ 33. Kf3
e6 34. Kg3 Ke7 35. Be4 Re2 36. Kf4 Rh2 37. Kg3 Re2 38. Kf3 Rh2 39. Kg3 Re2 40.
Kf3 1/2-1/2

[Event "Superettan(Manhem-Upsala)"]
[Site "?"]
[Date "2015.03.20"]
[Round "7"]
[White "Winsnes, Rikard"]
[Black "Malm Lindberg, Henrik"]
[Result "1-0"]
[WhiteElo "2404"]
[BlackElo "2275"]
[PlyCount "97"]

1. e4 c5 2. Nf3 e6 3. d4 cxd4 4. Nxd4 Nf6 5. Nc3 d6 6. g4 h6 7. h4 Nc6 8. Rg1
h5 9. gxh5 Nxh5 10. Bg5 Nf6 11. Be2 a6 12. h5 Bd7 13. Nb3 b5 14. a3 Rc8 15. Qd2
Ne5 16. O-O-O Be7 17. h6 gxh6 18. Bxh6 Qc7 19. Bg7 Rg8 20. Qh6 Ng6 21. f3 Qb6
22. e5 dxe5 23. Rxg6 fxg6 24. Qxg6+ Kd8 25. Qf7 Qe3+ 26. Kb1 Rxg7 27. Qxg7 Rxc3
28. bxc3 Qxe2 29. Rd3 Nd5 30. Qg8+ Kc7 31. Qa8 Bc8 32. Qa7+ Kd8 33. Na5 Qe1+
34. Ka2 Bd6 35. Nc6+ Ke8 36. Qa8 Kd7 37. Na7 Nxc3+ 38. Kb3 Nd5 39. Qc6+ Ke7 40.
Nxc8+ Kf6 41. Kb2 Bf8 42. Rxd5 Bxa3+ 43. Kxa3 Qa1+ 44. Kb3 Qa4+ 45. Kb2 Qb4+
46. Kc1 Qa3+ 47. Kd2 Qxf3 48. Rd6 Qf4+ 49. Kc3 1-0

[Event "Superettan(Manhem-Upsala)"]
[Site "?"]
[Date "2015.03.20"]
[Round "7"]
[White "Andersson, Fredrik"]
[Black "Moberg, Karl Johan"]
[Result "1/2-1/2"]
[WhiteElo "2270"]
[BlackElo "2302"]
[PlyCount "97"]

1. d4 Nf6 2. c4 g6 3. Nc3 d5 4. cxd5 Nxd5 5. e4 Nxc3 6. bxc3 Bg7 7. Bg5 c5 8.
Rc1 cxd4 9. cxd4 O-O 10. Nf3 Bg4 11. d5 h6 12. Be3 e6 13. Be2 exd5 14. exd5 Nd7
15. O-O Nf6 16. Bc4 Ne4 17. h3 Bxf3 18. Qxf3 Nd6 19. Bb3 Qd7 20. Qg4 Nf5 21.
Rfd1 h5 22. Qf3 Nxe3 23. Qxe3 Qd6 24. Re1 Rfd8 25. Qe7 Bf8 26. Qxb7 Qb6 27.
Qxb6 axb6 28. Rc7 Bd6 29. Rb7 Rab8 30. Rxb8 Rxb8 31. Kf1 Kf8 32. Ke2 Re8+ 33.
Kd1 Rxe1+ 34. Kxe1 Ke7 35. Ke2 Bc5 36. f4 h4 37. Kf3 f5 38. Ba4 Bd6 39. Bc6 Bc7
40. Bb7 Bd6 41. Bc8 Kf6 42. Bd7 Ke7 43. Bc6 Bc7 44. Bb5 Bd6 45. Bd3 Kf6 46. Bc2
Bc7 47. Ba4 Ke7 48. Ke3 Bd6 49. Kf3 1/2-1/2

[Event "Superettan(Manhem-Upsala)"]
[Site "?"]
[Date "2015.03.20"]
[Round "7"]
[White "Hultin, Johan"]
[Black "Burwick, Malte"]
[Result "1-0"]
[WhiteElo "2359"]
[BlackElo "2231"]
[PlyCount "67"]

1. d4 d6 2. Nf3 g6 3. c4 Bg7 4. Nc3 Nf6 5. e4 O-O 6. Be2 e5 7. O-O Nbd7 8. Qc2
c6 9. Rd1 Nh5 10. Rb1 h6 11. b4 Nf4 12. Bf1 g5 13. dxe5 dxe5 14. c5 g4 15. Nd2
Qh4 16. Nc4 Qh5 17. Ne2 Nxe2+ 18. Bxe2 Nf6 19. Nd6 Be6 20. h3 Rab8 21. Rd3 Qh4
22. Rbb3 Bxb3 23. Qxb3 b6 24. cxb6 axb6 25. Rg3 Nxe4 26. Nxe4 Kh8 27. Rxg4 Qe7
28. Ng3 f5 29. Rg6 Rf6 30. Rxf6 Qxf6 31. Nh5 Qg6 32. Bb2 f4 33. Nxg7 Qxg7 34.
Qe6 1-0

[Event "Superettan(Manhem-Upsala)"]
[Site "?"]
[Date "2015.03.20"]
[Round "7"]
[White "Glimbrant, Torbjorn"]
[Black "Berggren Torell, Harald"]
[Result "0-1"]
[WhiteElo "2242"]
[BlackElo "2189"]
[PlyCount "96"]

1. d4 d6 2. g3 g6 3. Bg2 Bg7 4. e4 Nf6 5. c4 c5 6. d5 Qa5+ 7. Nc3 O-O 8. Nge2
b5 9. cxb5 a6 10. bxa6 Bxa6 11. O-O Ng4 12. Bd2 Ne5 13. b3 Nbd7 14. a4 Qb6 15.
Rb1 Bd3 16. Rb2 Rfb8 17. Bf4 Bc4 18. Nc1 Bxf1 19. Bxf1 c4 20. Rb1 cxb3 21. Nxb3
Rc8 22. Be3 Qb4 23. Nb5 Qxe4 24. Bg2 Qxa4 25. N5d4 Nc5 26. Nxc5 Qxd1+ 27. Rxd1
dxc5 28. Nc6 Nxc6 29. dxc6 Bd4 30. Bxd4 cxd4 31. h4 e5 32. f4 f6 33. g4 Ra3 34.
g5 Kf7 35. Rb1 Rc7 36. gxf6 Kxf6 37. fxe5+ Kxe5 38. Re1+ Re3 39. Rb1 d3 40.
Rb5+ Kd4 41. Kh2 Re2 42. Rb4+ Ke3 43. Re4+ Kd2 44. Rc4 Rxg2+ 45. Kxg2 Ke3 46.
Rc5 Kd4 47. Ra5 d2 48. Ra8 Kd3 0-1

[Event "Superettan(Manhem-Upsala)"]
[Site "?"]
[Date "2015.03.20"]
[Round "7"]
[White "Andersson, Goran"]
[Black "Marttala, Thomas"]
[Result "1/2-1/2"]
[WhiteElo "2161"]
[BlackElo "2146"]
[PlyCount "70"]

1. e4 c5 2. Nf3 e6 3. d4 cxd4 4. Nxd4 Nf6 5. Nc3 Nc6 6. Ndb5 Bb4 7. a3 Bxc3+ 8.
Nxc3 d5 9. exd5 exd5 10. Bd3 h6 11. O-O O-O 12. Bf4 d4 13. Ne2 Qd5 14. Ng3 Ne5
15. Bxe5 Qxe5 16. Qd2 Rd8 17. Rfe1 Qc7 18. Re2 Bg4 19. f3 Be6 20. Ne4 Nd5 21.
Nf2 Rac8 22. Ree1 Ne3 23. c3 Qb6 24. cxd4 Nc4 25. Bxc4 Rxc4 26. Ne4 Rcxd4 27.
Qf2 Bf5 28. Nc3 Qb3 29. Re2 Be6 30. Rae1 a6 31. Qe3 b5 32. Qc1 a5 33. Ne4 Rc4
34. Qe3 Qxe3+ 35. Rxe3 Rc2 1/2-1/2

[Event "Superettan(Manhem-Upsala)"]
[Site "?"]
[Date "2015.03.20"]
[Round "7"]
[White "Johansson, Thomas"]
[Black "Al Hadarani, Hatim"]
[Result "0-1"]
[WhiteElo "2208"]
[BlackElo "2261"]
[PlyCount "60"]

1. d4 c6 2. c4 f5 3. Nc3 Nf6 4. h3 d5 5. cxd5 cxd5 6. Nf3 e6 7. g4 Nc6 8. gxf5
exf5 9. Bg5 Bb4 10. a3 Bxc3+ 11. bxc3 O-O 12. Qd2 Qa5 13. Bxf6 Rxf6 14. Bg2 f4
15. O-O Bf5 16. Kh2 Qc7 17. Qa2 Be4 18. c4 Rd8 19. Rfd1 Rh6 20. cxd5 Bxd5 21.
Qb2 Rdd6 22. Rac1 Qd7 23. Rc5 Rdg6 24. Rh1 Qg4 25. Rg1 Be6 26. Ng5 Rxg5 27. Qc3
f3 28. Qxf3 Qxf3 29. exf3 Rxc5 30. dxc5 Rh5 0-1

[Event "Superettan(Manhem-Upsala)"]
[Site "?"]
[Date "2015.03.20"]
[Round "7"]
[White "Outgajjouft, Said"]
[Black "Cederberg, Karl Olof"]
[Result "0-1"]
[WhiteElo "2172"]
[BlackElo "2189"]
[PlyCount "81"]

1. e4 e5 2. Nf3 d6 3. d4 Nf6 4. Nc3 Nbd7 5. h3 c6 6. Bc4 b5 7. Bd3 b4 8. Ne2
exd4 9. Nexd4 c5 10. Nf5 Qc7 11. Qe2 Bb7 12. Bf4 O-O-O 13. O-O-O g6 14. Nxd6+
Bxd6 15. Bxd6 Qxd6 16. e5 Bxf3 17. Ba6+ Kb8 18. gxf3 Qxe5 19. Qb5+ Nb6 20. Qc6
Rxd1+ 21. Rxd1 Qe7 22. a4 bxa3 23. bxa3 Nh5 24. a4 Qc7 25. Qe4 Qf4+ 26. Qxf4+
Nxf4 27. a5 Nbd5 28. Bc4 Rd8 29. h4 Kc7 30. Re1 Ne6 31. Kb2 Ndf4 32. Kc3 Rd4
33. Rh1 h5 34. Rb1 Nd5+ 35. Bxd5 Rxd5 36. a6 Kc6 37. Rb7 Rd7 38. Rb8 Nc7 39.
Rc8 Kb6 40. Kb3 Nxa6 41. c3 0-1

[Event "Superettan(Kamraterna-Orebro)"]
[Site "?"]
[Date "2015.03.20"]
[Round "7"]
[White "Drugge, Patrick"]
[Black "Hamark, Jesper"]
[Result "0-1"]
[WhiteElo "2178"]
[BlackElo "2334"]
[PlyCount "78"]

1. e4 c5 2. Nc3 Nc6 3. g3 g6 4. Bg2 Bg7 5. d3 d6 6. f4 e5 7. Nf3 Nge7 8. O-O
Nd4 9. fxe5 dxe5 10. Be3 O-O 11. Qd2 Bg4 12. Rf2 Qd7 13. Raf1 Rac8 14. Ne1 f6
15. Bh6 Be6 16. Bxg7 Kxg7 17. b3 b5 18. a4 a6 19. axb5 axb5 20. h4 h6 21. Ne2
Bg4 22. Nc1 Nec6 23. c3 Ne6 24. Bf3 Bxf3 25. Rxf3 b4 26. Ng2 bxc3 27. Qf2 Qd8
28. h5 Ng5 29. Kh2 Nd4 30. Re3 f5 31. hxg6 fxe4 32. Qxf8+ Qxf8 33. Rxf8 Rxf8
34. dxe4 c2 35. Ne1 Rf2+ 36. Kg1 Nh3+ 37. Kh1 Rd2 38. Ng2 Rd1+ 39. Kh2 Rxc1 0-1

[Event "Superettan(Kamraterna-Orebro)"]
[Site "?"]
[Date "2015.03.20"]
[Round "7"]
[White "Andreasson, Ingvar"]
[Black "Nygren, Kim"]
[Result "1-0"]
[WhiteElo "2342"]
[BlackElo "2206"]
[PlyCount "53"]

1. Nf3 f5 2. g3 Nf6 3. Bg2 e6 4. O-O d5 5. d3 Bc5 6. c4 c6 7. Nbd2 O-O 8. Qc2
Qe7 9. e4 dxe4 10. dxe4 e5 11. exf5 e4 12. Nh4 e3 13. Nb3 exf2+ 14. Kh1 Ng4 15.
Nxc5 Qxc5 16. h3 Bxf5 17. Nxf5 Rxf5 18. hxg4 Rh5+ 19. Bh3 Rxh3+ 20. Kg2 Nd7 21.
Kxh3 Rf8 22. Qe4 Nf6 23. Qe6+ Kh8 24. Be3 Qb4 25. Bd4 Re8 26. Bc3 Qb6 27. Qf7
1-0

[Event "Superettan(Kamraterna-Orebro)"]
[Site "?"]
[Date "2015.03.20"]
[Round "7"]
[White "Gruvaeus, Curt"]
[Black "Svensson, Bengt"]
[Result "0-1"]
[WhiteElo "2274"]
[BlackElo "2343"]
[PlyCount "78"]

1. d4 d5 2. Nf3 Nf6 3. Bf4 c5 4. e3 Qb6 5. b3 Nc6 6. Be2 Bg4 7. c3 e6 8. h3 Bh5
9. Nbd2 cxd4 10. exd4 Ba3 11. Qc2 Bg6 12. Bd3 Rc8 13. Bxg6 hxg6 14. Qd3 Qa5 15.
Rb1 Be7 16. O-O b5 17. Rfc1 O-O 18. a4 b4 19. c4 dxc4 20. bxc4 Rfd8 21. Qe3 Re8
22. Ne5 Nxe5 23. Bxe5 Qxa4 24. Ra1 Qd7 25. Ra6 Rc6 26. Ra2 Nd5 27. Qf3 Nc3 28.
Rxa7 Qxa7 29. Qxc6 Rd8 30. Re1 Qa2 31. Ne4 Nxe4 32. Qxe4 Qxc4 33. Qb7 Bf8 34.
Re3 Qd5 35. Qb6 Rd7 36. Bc7 Qxd4 37. Qxd4 Rxd4 38. Re5 Rd1+ 39. Kh2 Rd7 0-1

[Event "Superettan(Kamraterna-Orebro)"]
[Site "?"]
[Date "2015.03.20"]
[Round "7"]
[White "Mohammadi, Amir"]
[Black "Blomstrom, Lars"]
[Result "1-0"]
[WhiteElo "2253"]
[BlackElo "2126"]
[PlyCount "85"]

1. e4 e5 2. Nf3 Nc6 3. Bc4 Nf6 4. d3 Be7 5. Nc3 d6 6. a3 O-O 7. O-O Be6 8. Re1
Bxc4 9. dxc4 Qd7 10. Qd3 Ne8 11. b4 Qe6 12. Nd5 Bd8 13. Bg5 Kh8 14. Ne3 f6 15.
Bh4 g6 16. b5 Ne7 17. Rad1 Ng7 18. c5 dxc5 19. Qd7 Qxd7 20. Rxd7 Ng8 21. Red1
Ne6 22. c3 Rc8 23. Nc4 Nh6 24. h3 Kg8 25. g4 Nf7 26. Bg3 Re8 27. h4 Re7 28.
R7d2 Re8 29. Rd7 Be7 30. g5 fxg5 31. hxg5 Bd6 32. Nfxe5 Nxe5 33. Bxe5 Bxe5 34.
Nxe5 Nf8 35. R7d5 c6 36. bxc6 bxc6 37. Rxc5 Ne6 38. Ra5 Rc7 39. Ng4 Rb8 40. Rd6
Nf4 41. Rc5 Rb3 42. Kh2 Rxa3 43. Nh6+ 1-0

[Event "Superettan(Kamraterna-Orebro)"]
[Site "?"]
[Date "2015.03.20"]
[Round "7"]
[White "Andersson, Michael"]
[Black "Skoog, Daniel"]
[Result "1-0"]
[WhiteElo "2115"]
[BlackElo "1932"]
[PlyCount "103"]

1. g3 c5 2. Bg2 Nc6 3. Nc3 g6 4. a3 Bg7 5. Rb1 Nf6 6. b4 cxb4 7. axb4 d5 8. b5
Ne5 9. f4 Nc4 10. Nf3 d4 11. Na4 Nd5 12. O-O O-O 13. Nc5 Qc7 14. Nd3 Nce3 15.
dxe3 Nc3 16. Qe1 Nxb1 17. exd4 Nc3 18. Nc5 Nxb5 19. Qb4 Qb6 20. Ne5 Nd6 21. Qa3
Qc7 22. Qa2 a5 23. Be3 a4 24. Rb1 Ra5 25. Rb4 a3 26. Nb3 Ra6 27. Nc5 Ra5 28.
Nb3 Ra7 29. d5 Ra6 30. Nc5 Ra5 31. Nb3 Ra6 32. Nc5 Ra8 33. Na4 Bf5 34. c4 Qa5
35. Bd2 Qa7+ 36. c5 Bc8 37. Nb6 Nf5 38. Ra4 Qxa4 39. Nxa4 Rxa4 40. e3 f6 41.
Nf3 Kh8 42. Ne1 Rd8 43. Nc2 e6 44. Qb3 Ra6 45. Nxa3 exd5 46. Nc2 Ne7 47. Kf2
Rc6 48. Nd4 Ra6 49. Bf1 Ra8 50. Nb5 Ra6 51. Nd6 Ra8 52. Nf7+ 1-0

[Event "Superettan(Kamraterna-Orebro)"]
[Site "?"]
[Date "2015.03.20"]
[Round "7"]
[White "Linden, Anders"]
[Black "Borvander, Tom"]
[Result "0-1"]
[WhiteElo "1755"]
[BlackElo "2167"]
[PlyCount "94"]

1. e4 e5 2. Nf3 Nc6 3. d4 exd4 4. Bc4 Nf6 5. e5 d5 6. Bb5 Ne4 7. Nxd4 Bd7 8.
Nxc6 bxc6 9. Bd3 Nc5 10. O-O Nxd3 11. Qxd3 Bc5 12. Be3 Bxe3 13. Qxe3 Qe7 14.
Nd2 O-O 15. c4 a5 16. Rac1 Be6 17. f4 f5 18. c5 d4 19. Qxd4 Rfd8 20. Qc3 Qf7
21. b3 a4 22. Nf3 Bd5 23. Nd4 Be4 24. Rfd1 h6 25. Nc2 Qg6 26. Rxd8+ Rxd8 27. g3
axb3 28. Qxb3+ Bd5 29. Qb2 Qg4 30. Nd4 Be4 31. Rf1 h5 32. Qf2 h4 33. Nf3 h3 34.
a4 Rd3 35. Ng5 Bd5 36. Rb1 Rd1+ 37. Rxd1 Qxd1+ 38. Qf1 Qd4+ 39. Qf2 Qxa4 40.
Nxh3 Qe4 41. Kf1 Qb1+ 42. Ke2 Bc4+ 43. Kd2 Qb2+ 44. Kd1 Bb3+ 45. Ke1 Qc1+ 46.
Ke2 Bc4+ 47. Kf3 Qd1+ 0-1

[Event "Superettan(Kamraterna-Orebro)"]
[Site "?"]
[Date "2015.03.20"]
[Round "7"]
[White "Nyberg, Ulf"]
[Black "Sparv, Joakim"]
[Result "1-0"]
[WhiteElo "2130"]
[BlackElo "1983"]
[PlyCount "69"]

1. e4 b6 2. d4 Bb7 3. Nc3 e6 4. a3 Nf6 5. Bd3 d5 6. e5 Nfd7 7. Qg4 Ba6 8. Bxa6
Nxa6 9. Nf3 Qc8 10. O-O c5 11. Bf4 Qc6 12. a4 Nc7 13. Ne2 c4 14. Rfb1 g6 15. h4
h5 16. Qg3 Bg7 17. b4 b5 18. axb5 Nxb5 19. Bd2 c3 20. Be1 Qc4 21. Nf4 Nxd4 22.
Nxd4 Qxd4 23. Bxc3 Qc4 24. Qe3 O-O 25. Bd4 Rfb8 26. c3 a5 27. Nd3 axb4 28. cxb4
Rxa1 29. Rxa1 Bh6 30. f4 Qb3 31. Ra7 Nb6 32. Bxb6 Qd1+ 33. Kh2 Rxb6 34. Qxb6
Qxd3 35. Qd8+ 1-0

[Event "Superettan(Rockaden,Umea-Vaxjo)"]
[Site "?"]
[Date "2015.03.20"]
[Round "7"]
[White "Rydstrom, Tom"]
[Black "Petrov, Marijan"]
[Result "1-0"]
[WhiteElo "2292"]
[BlackElo "2493"]
[PlyCount "75"]

1. e4 g6 2. d4 Bg7 3. Nc3 c6 4. Bc4 d6 5. Nf3 Nf6 6. Qe2 b5 7. Bb3 b4 8. Nd1
Ba6 9. Qe3 O-O 10. a3 bxa3 11. Rxa3 e5 12. dxe5 Ng4 13. Qg5 Nxe5 14. Nxe5 Bxe5
15. Qxd8 Rxd8 16. Nc3 Bb7 17. O-O Nd7 18. Be3 c5 19. f3 Nb6 20. Rfa1 a6 21. Rd1
Kg7 22. Ra2 Bxc3 23. bxc3 Bc6 24. Rb2 Bb5 25. Bd5 Rab8 26. Kf2 f6 27. h4 Kf8
28. g4 Ke7 29. g5 f5 30. exf5 gxf5 31. Bf4 Kd7 32. h5 Kc7 33. g6 hxg6 34. hxg6
Re8 35. Bf7 Red8 36. g7 Bc4 37. Rxb6 Bxf7 38. Rbxd6 1-0

[Event "Superettan(Rockaden,Umea-Vaxjo)"]
[Site "?"]
[Date "2015.03.20"]
[Round "7"]
[White "Wickstrom, Lucas"]
[Black "Aabling-Thomsen, Jakob"]
[Result "1-0"]
[WhiteElo "2338"]
[BlackElo "2329"]
[PlyCount "61"]
[EventDate "2015.??.??"]

1. d4 g6 2. c4 Bg7 3. Nc3 d6 4. e4 e5 5. Nf3 Nc6 6. Bg5 f6 7. Be3 Nh6 8. d5 Ne7
9. c5 Ng4 10. cxd6 cxd6 11. Bd2 Qb6 12. Bb5+ Kf7 13. O-O a6 14. Be2 h5 15. h3
Nh6 16. a4 Kg8 17. a5 Qd8 18. Na4 Nf7 19. Nb6 Rb8 20. Rc1 f5 21. Qc2 fxe4 22.
Ng5 Bf5 23. Qc7 Bf6 24. Nxf7 Kxf7 25. Bb4 Bg5 26. Bxd6 Qxc7 27. Rxc7 Rhd8 28.
Bxe5 Ke8 29. g4 hxg4 30. hxg4 Rbc8 31. gxf5 1-0

[Event "Superettan(Rockaden,Umea-Vaxjo)"]
[Site "?"]
[Date "2015.03.20"]
[Round "7"]
[White "Carstensen, Jacob"]
[Black "Malmstig, Erik"]
[Result "1-0"]
[WhiteElo "2370"]
[BlackElo "2253"]
[PlyCount "139"]

1. d4 Nf6 2. c4 e6 3. Nf3 b6 4. g3 Ba6 5. Qa4 Be7 6. Bg2 O-O 7. Nc3 Bb7 8. O-O
c5 9. dxc5 bxc5 10. Rd1 Qb6 11. Qc2 Nc6 12. Bf4 Nd4 13. Nxd4 Bxg2 14. Nf5 exf5
15. Kxg2 Qe6 16. Nd5 Bd8 17. Nxf6+ Bxf6 18. Rd6 Qe4+ 19. Qxe4 fxe4 20. Rxd7 a5
21. Rad1 Bxb2 22. Rb7 Bd4 23. e3 Bc3 24. Rdd7 Rfd8 25. a4 Rxd7 26. Rxd7 Rc8 27.
g4 h5 28. gxh5 Rc6 29. Rd6 Rc8 30. Rd5 Kh7 31. Bd6 Bb4 32. Kg3 g6 33. hxg6+
Kxg6 34. Kf4 f6 35. Kxe4 Re8+ 36. Kd3 Rh8 37. f3 Rd8 38. e4 Kf7 39. Bg3 Rc8 40.
f4 Ba3 41. f5 Ke7 42. e5 fxe5 43. Bh4+ Kf7 44. Rd7+ Ke8 45. Re7+ Kf8 46. Rxe5
Rb8 47. Be7+ Kf7 48. Bxc5 Rb3+ 49. Ke4 Bxc5 50. Rxc5 Rb4 51. Ke5 Rxa4 52. Rc7+
Kg8 53. h4 Ra2 54. h5 a4 55. h6 a3 56. Ra7 Re2+ 57. Kd6 Rd2+ 58. Kc6 a2 59. c5
Rh2 60. f6 Rxh6 61. Rxa2 Rxf6+ 62. Kb7 Rf1 63. c6 Rb1+ 64. Kc8 Kf7 65. Re2 Rb3
66. c7 Rb1 67. Re4 Rb2 68. Kd7 Rd2+ 69. Kc6 Rc2+ 70. Kd6 1-0

[Event "Superettan(Rockaden,Umea-Vaxjo)"]
[Site "?"]
[Date "2015.03.20"]
[Round "7"]
[White "Forsberg, Viktor"]
[Black "Olofsson-Dolk, Mattis"]
[Result "1/2-1/2"]
[WhiteElo "2356"]
[BlackElo "2239"]
[PlyCount "62"]

1. d4 Nf6 2. Nf3 g6 3. c4 Bg7 4. Nc3 d5 5. Qb3 dxc4 6. Qxc4 O-O 7. e4 a6 8. Be2
b5 9. Qb3 c5 10. dxc5 Be6 11. Qc2 Nbd7 12. Be3 Rc8 13. Rd1 b4 14. Nd5 Bxd5 15.
exd5 Nxc5 16. Bc4 Nce4 17. Qd3 Qa5 18. O-O Nd6 19. Bb3 Nd7 20. Qe2 Qb5 21. Qxb5
Nxb5 22. Bg5 Rfe8 23. Rfe1 Kf8 24. Rd2 Nc5 25. Bd1 Nd6 26. Rde2 Nd3 27. Bxe7+
Rxe7 28. Rxe7 Nxe1 29. Rxe1 Bxb2 30. Bb3 a5 31. Rd1 Bf6 1/2-1/2

[Event "Superettan(Rockaden,Umea-Vaxjo)"]
[Site "?"]
[Date "2015.03.20"]
[Round "7"]
[White "Lekander, Rolf"]
[Black "Eriksson, Jorgen"]
[Result "1-0"]
[WhiteElo "2237"]
[BlackElo "2210"]
[PlyCount "105"]
[SourceDate "2015.03.28"]

1. c4 e6 2. Nf3 Nf6 3. g3 b6 4. Bg2 Bb7 5. O-O c5 6. Nc3 Be7 7. d4 cxd4 8. Qxd4
d6 9. Bg5 h6 10. Bxf6 Bxf6 11. Qd3 O-O 12. Ng5 Bxg5 13. Bxb7 Nd7 14. Bxa8 Qxa8
15. Qxd6 Nc5 16. Qd1 h5 17. Qc2 Bf6 18. Rad1 a5 19. f3 h4 20. Kg2 Qc6 21. b3
Rc8 22. Ne4 Nxe4 23. Qxe4 Qxe4 24. fxe4 hxg3 25. hxg3 Rc5 26. a4 Rc7 27. Rd6
Rb7 28. Rfd1 Be7 29. Rd7 Rxd7 30. Rxd7 Kf8 31. e5 Ke8 32. Rb7 Bc5 33. Kf3 Bd4
34. Ke4 Bc5 35. Rb8+ Kd7 36. Rg8 g6 37. Kf4 Ke7 38. Rb8 Bd4 39. Ra8 Bc5 40. Ke4
Kd7 41. Rh8 Bb4 42. e3 Ba3 43. Ra8 Bb4 44. Kf4 Be7 45. Ra7+ Ke8 46. Rb7 Bc5 47.
Kg5 Bxe3+ 48. Kf6 Bf2 49. Rxf7 Bxg3 50. Kxe6 Kd8 51. Rg7 Bf2 52. Rxg6 Kc7 53.
Kd5 1-0